000 01393nam a22003737a 4500
003 CHAP
005 20220329143327.0
008 080814s2008 mx a r 00010 spa d
010 _a95022
011 _a95994
035 _a106631
040 _cCHAP
090 _aTesis
100 1 _aHerrera Saucedo, María Elena.
_954942
245 1 0 _aDetección molecular de la palomilla oriental de la fruta Grapholita molesta (Busk) (Lepidóptera : Tortricidae)
_c/por María Elena Herrera Saucedo
260 _aChapingo, Méx. :
_bEl autor,
_c2008
300 _av, 33 h. :
_bilus. ; gráfs.
502 _aTesis (Ing. Agr. Esp. en Parasitología Agrícola) -- UACH. Departamento de Parasitología Agrícola
590 _aALEPH
_b10
_c20130110
_lUCH01
_h1523
590 _aBATCH-UPD
_b10
_c20130110
_lUCH01
_h0859
590 _aBATCH-UPD
_b10
_c20130410
_lUCH01
_h0529
590 _aBATCH-UPD
_b10
_c20130914
_lUCH01
_h1224
590 _aCONVERSION
_b10
_c20130109
_lUCH01
_h1353
650 1 4 _aDurazno
_xPlagas.
_934620
650 1 4 _aFruta
_xPlagas.
_943646
650 1 4 _aGrapholitha molesta.
_950439
650 1 4 _aMalus pumila.
_970213
650 1 4 _aManzana
_xPlagas.
_970792
650 1 4 _aPrunus.
_992542
901 _aBK
942 _cFOLL
949 _aTesis
_bBC
_cTES
_d33724002065850
_eTS2
_fc.2
_gDonaciØn
_h47837
_i106631
_sb
949 _aTesis
_bBC
_cTES
_d33724002065892
_eTS1
_gDonaciØn
_h47836
_i106631
_sb
999 _c95022
_d95022